000 008990000a22002290004500
020 _a84-301-1141-7
082 0 4 _aG 260 T574i
100 1 _aTillard, Jean Marie Rene (1927-2000)
245 1 0 _aIglesia de iglesias / Jean-Marie Rene Tillard ; traducido por Alfonso Ortiz García
260 _aSalamanca, España : Sígueme
300 _a356 p.
440 0 _aCol. Verdad e Imagen ; no. 113
500 _aTítulo original: Eglise d´Eglises
501 _aRústico
505 0 0 _aLa iglesia de Dios en el proyecto de Dios -- La Iglesia de Dios, pueblo de Dios en comunión -- El servicio de la comunión -- La comunión visible de las iglesias
650 1 4 _aADMINISTRACION ECLESIASTICA \ IGLESIA \ Eclesiología \ COMUNION \ IGLESIA CATOLICA
001 18062
942 _cBK
999 _c44553
_d44553
336 _atexto
_btxt
_2rdacontent
337 _2rdamedia
_asin mediación
_bn
338 _2rdacarrier
_avolumen
_bnc